Estatísticas para Quiz da Coreia do Sul

Clique aqui para jogar o quiz

Estatísticas Gerais

  • Esse quiz foi jogado 2 008 vezes
  • A pontuação média é 8 de 19

Estatísticas das Respostas

DicaResposta% Correto
CapitalSeul
98%
Vídeo de rap feito por Psy sobre
um distrito rico da capital
{Gangnam} Style
68%
A Coreia do Sul é considerada
como o país com a _ mais rápida
Internet
64%
Maior corporaçãoSamsung
59%
Artes marciais coreana e
esporte Olímpico
Taekwondo
58%
Maiores empresas de automóveisHyundai
55%
Nomes de famílias mais comunsKim
55%
Nomes de famílias mais comunsLee
49%
Nomes de famílias mais comunsPark
47%
Moeda oficialWon
46%
Segunda maior área urbanaBusan
40%
Esporte mais popularBasebol
35%
Maior ilhaJeju
33%
Mar no lesteMar do Japão
32%
Maiores empresas de automóveisKia
31%
Nome da faixa de terra na fronteira
da Coreia do Sul e do Norte
Zona
{Desmilitarizada}
30%
Mar no oesteMar Amarelo
21%
Prato coreano cujo nome
significa "arroz mesclado"
Bibimbap
14%
Proclamou-se como messias
que morreu em 2012
Sun Myung {Moon}
12%

Distribuição das Pontuações

Percentil de Números Respondidos

Porcentagem de Pessoas com Cada Pontuação

Sua Pontuação Histórica

Você não jogou esse quiz